000 00649cam a2200145 4500500
005 20260208005804.0
041 _afre
042 _adc
100 1 0 _aScepi, Henri
_eauthor
245 0 0 _aCrise de prose, sous la direction de JEAN-NICOLAS ILLOUZ et de JACQUES NEEFS. Presses Universitaires de Vincennes, coll. « Essais et Savoirs », 2002. Un vol. 22 × 13,5 de 148 p.
260 _c2004.
500 _a9
786 0 _nRevue d'histoire littéraire de la France | 104 | 3 | 2004-06-01 | p. 687zb-738zb | 0035-2411
856 4 1 _uhttps://shs.cairn.info/revue-d-histoire-litteraire-de-la-france-2004-3-page-687zb?lang=fr&redirect-ssocas=7080
999 _c1653766
_d1653766